000 00317nam a2200133Ia 4500
005 20260328104247.0
008 260328s9999||||xx |||||||||||||| ||und||
100 _aMorrell, Thomas
245 0 _aGraffiti bible /
_cThomas Morrell
260 _bTectum Publishers
300 _a384 p.
650 _aDIBUJO
942 _cBK
999 _c10102
_d10102